Analytical methods in economics (Registro nro. 507)

Detalles MARC
000 -LEADER
fixed length control field 01283 a2200217 4500
001 - CONTROL NUMBER
control field 13121
005 - DATE AND TIME OF LATEST TRANSACTION
control field 20260407155441.0
008 - FIXED-LENGTH DATA ELEMENTS--GENERAL INFORMATION
fixed length control field 260407a1993 arg spa d
003 - CONTROL NUMBER IDENTIFIER
control field AR-UNSa-BCEJYS
040 ## - CATALOGING SOURCE
Original cataloging agency AR-UNSa-BCEJYS
Language of cataloging spa
Transcribing agency AR-UNSa-BCEJYS
080 ## - UNIVERSAL DECIMAL CLASSIFICATION NUMBER
Universal Decimal Classification number 330.4
Common auxiliary subdivision Economía matemática
020 ## - INTERNATIONAL STANDARD BOOK NUMBER
International Standard Book Number 978-0-472-10162-7
100 1# - MAIN ENTRY--PERSONAL NAME
Personal name Takayama, Akira
245 10 - TITLE STATEMENT
Title Analytical methods in economics
264 #1 - PRODUCTION, PUBLICATION, DISTRIBUTION, MANUFACTURE, AND COPYRIGHT NOTICE
Place of production, publication, distribution, manufacture Michigan :
Name of producer, publisher, distributor, manufacturer The University of Michigan Press
Date of production, publication, distribution, manufacture, or copyright notice 1993
300 ## - PHYSICAL DESCRIPTION
Extent xix, 672 p.
Dimensions 23 cm.
505 ## - FORMATTED CONTENTS NOTE
Formatted contents note 1. Some basic matthematics - 2. Nonlinear progamming - 3. Sensitivity analysis and elements of microeconomics - 4. Other topics in microeconomic theory - 5. Economics of uncertainty - 6. Elements of differential equations and economic applications - 7. Linear differential equations on the plane and elements of nonlinear systems - 8. Macroequilibrium and Neoclassical Growth models - 9. Elements of optimal control theory and applications - 10. Infinite horizon optimization control problem and applications - 11. Extensions of optimal control themes
590 ## - LOCAL NOTE (RLIN)
Local note niveau_biblio:m niveau_hierar:0
856 41 - ELECTRONIC LOCATION AND ACCESS
Uniform Resource Identifier <a href="https://biblioeco.unsa.edu.ar/pmb/images/libros/Analytical methods in economics Takayama, Akira (1993) .jpg">https://biblioeco.unsa.edu.ar/pmb/images/libros/Analytical methods in economics Takayama, Akira (1993) .jpg</a>
Link text Imagen de portada
Electronic format type image/jpeg
942 ## - ADDED ENTRY ELEMENTS (KOHA)
Koha item type
Existencias
Withdrawn status Lost status Damaged status Not for loan Home library Current library Shelving location Date acquired Total checkouts Full call number Barcode Date last seen Price effective from Koha item type
        Biblioteca Prof. Eusebio Cleto del Rey Biblioteca Prof. Eusebio Cleto del Rey   07/04/2026   330.4 T136 L118922 07/04/2026 07/04/2026 Libro
        Biblioteca Prof. Eusebio Cleto del Rey Biblioteca Prof. Eusebio Cleto del Rey   07/04/2026   330.4 T136 L118923 07/04/2026 07/04/2026 Libro